000 00958nas a2200301 4500
001 BR0707412
003 BR-BrBNA
005 20231205112246.0
007 ta
008 230509b bl.|||p| |||| 00| 00por d
040 _aBR-BrBNA
_bpor
_cBiblioteca Nacional de Agricultura
041 _a(Pt)
072 _aL73
100 1 _aTeixeira, B.M.
100 1 _aRajão, D.S.
100 1 _aHaddad, J.P.A.
100 1 _aLeite, R.C.
100 1 _aReis, J.K.P.
245 1 _aOcorrência do vírus da imunodeficiência felina e do vírus da çleucemia felina em gatos domésticos mantidos em abrigos no município de Belo Horizonte
650 _aGATO
650 _aLEUCEMIA
650 _aVÍRUS
650 _aELISA
650 _aMINAS GERAIS
773 0 _tArquivo Brasileiro de Medicina Veterinária e Zootecnia (Brazil)
_xISSN 0102-0935
_g(Aug 2007), v. 59(4) p. 939-942
_wBR0707412
909 _a202311
_bLúcia
_c55
_dLúcia Elande
942 _2AGRIS
_n0
_cANA
999 _c197034
_d197034